| 000 | 00836nam a2200265 a 4500 | ||
|---|---|---|---|
| 001 | BRCA_5776 | ||
| 005 | 20190320205218.0 | ||
| 008 | 090311s1935----sp-a######---#000-0#spa-# | ||
| 041 | _aspa | ||
| 044 | _asp | ||
| 050 | 4 |
_aN7962 _b.V55 1935 |
|
| 100 | 1 |
_aVillanueva, Antolin P. _914653 |
|
| 245 | 1 | 0 |
_aLos ornamentos sagrados en España _bsu evolución histórica y artística _cAntolin P. Villanueva. |
| 260 |
_aBarcelona, España _bLabor _c1935 |
||
| 300 |
_a332 p. _bil., 40 láminas _c18 cm. |
||
| 440 | 0 |
_aColección Labor _pArtes plásticas _v356-357 _914654 |
|
| 500 | _aIncluye glosario | ||
| 500 | _aEstado físico: Camisa deteriorada | ||
| 500 | _aG5 | ||
| 650 | 1 | 4 |
_aArte y simbolismno cristianos _914655 |
| 650 | 1 | 4 |
_aArte _zEspaña _92064 |
| 650 | 1 | 4 |
_aVestiduras eclesiásticas _99322 |
| 902 | _aGFM | ||
| 942 |
_2lcc _cB |
||
| 999 |
_c5465 _d5465 |
||